MAMMA MIA! - Statistics

General Stats
  • This quiz has been taken 155 times
  • The average score is 13 of 20
Answer Stats
Hint Answer % Correct
sophies mum donna
97%
country it is based in greece
93%
sophies fiance sky
88%
dad 2 bill
87%
dad 3 harry
86%
sophies aunt number one rosie
86%
aunt number 2 tanya
86%
dad 1 sam
84%
who plays sophies mum meryl streep
80%
year it was released 2008
77%
who plays sophie amanda seyfried
72%
sophies best friend number one lisa
67%
best friend 2 ali
65%
who plays dad 1 pierce brosnan
57%
who plays sophies fiance dominic cooper
46%
who plays dad 3 colin firth
45%
who plays aunt 1 julie walters
44%
who plays aunt 2 christine baranski
39%
island its on kalokairi
36%
who plays dad 2 stellan skasgard
2%
No matching quizzes found
Score Distribution
Percent of People with Each Score
Percentile by Number Answered
Your Score History
You have not taken this quiz